| 000 | 00584nam a2200217 a 4500 | ||
|---|---|---|---|
| 005 | 20140310183616.0 | ||
| 008 | 120903s19uu xx 00 eng d | ||
| 020 | _a9788176494991 | ||
| 020 | _a9788176494991 | ||
| 050 |
_aHD 30.4 _b.K465 2008 |
||
| 100 | _aKermally, Sultan | ||
| 245 |
_aGurus on marketing / _cSultan Kermally. |
||
| 250 | _a1st ed. | ||
| 260 |
_aLondon, UK : _bThorogood Pub. Ltd, _c2008. |
||
| 300 |
_a156 p. : _c22 cm. |
||
| 500 | _aInclude bibliographic references | ||
| 521 | _aBSBA | ||
| 546 | _aC15353 | ||
| 650 | _aMarketing | ||
| 942 |
_cBK _2lcc _kFOR |
||
| 999 |
_c25327 _d25327 |
||